[Event "Turkish Super League 2019"]
[Site "Konya"]
[Date "2019.07.25"]
[Round "10"]
[White "Firouzja, Alireza"]
[Black "Ertan, Can"]
[Result "1-0"]
[WhiteElo "2685"]
[BlackElo "2396"]
[Annotator "TA"]
[PlyCount "37"]
[EventDate "2019.07.17"]
[EventType "team-tourn"]
[EventCountry "TUR"]
[SourceTitle "playchess.com"]
[Source "ChessBase"]
[SourceQuality "1"]

{[%evp 9,49,8,2,-10,0,-6,60,48,53,53,50,37,54,49,134,138,239,253,468,485,547,534,516,348,797,772,760,752,773,745,1172,1083,1127,1194,1251,1295,1147,905,1237,1198,1204,1188]} 1. d4 Nf6 2. c4 e6 3. Nf3 b6 4. g3 Ba6 5. Qc2 c5 6. d5 {E15: Queen's Indian: 4 g3 sidelines, 4 g3 Ba6 and 4 g3 Bb7 early deviations} exd5 7. cxd5 Be7 (7... Bb7 $11) (7... d6 8. Nc3 b5 9. e4 Qa5 10. b4 cxb4 11. Nxb5 Kd8 12. Nfd4 Bxb5 13. Bxb5 b3+ {1-0 (28) Grischuk,A (2752)-Mamedyarov,S (2762) Germany 2016}) 8. Nc3 {White is slightly better.} O-O 9. e4 $146 {e5 is the strong threat.} ({Predecessor:} 9. Bg2 d6 10. O-O b5 11. a3 Nbd7 12. Rd1 Re8 13. e4 Bf8 {0-1 (44) Thomsen,T (2163)-Nolsoe,E (2194) Faroe Islands 2012}) 9... d6 10. Bf4 Qd7 11. Bg2 b5 (11... Qd8 $14) 12. e5 $16 Ng4 (12... dxe5 $16 {was necessary.} 13. Nxe5 Qc8) 13. O-O-O $18 dxe5 $2 (13... Bc8 {was worth a try.} 14. Ne4 Na6 15. exd6 Bd8) 14. h3 exf4 15. hxg4 {[%csl Gh1][%cal Rc2h7] [#]} f5 16. gxf5 Bd6 $2 (16... Bf6 17. Ne4 (17. gxf4 Bc8 $18) 17... fxg3 18. fxg3 (18. Nxc5 Qc8 $18) 18... Qd8) 17. Bh3 {aiming for f6!White is clearly winning.} Rf6 18. g4 h6 19. g5 {Played: Nc3-e4} 1-0

[Event "Turkish Super League 2019"]
[Site "Konya"]
[Date "2019.07.25"]
[Round "10"]
[White "Ivanchuk, Vassily"]
[Black "Durarbayli, Vasif"]
[Result "1-0"]
[WhiteElo "2684"]
[BlackElo "2637"]
[Annotator "TA"]
[PlyCount "91"]
[EventDate "2019.07.17"]
[EventType "team-tourn"]
[EventCountry "TUR"]
[SourceTitle "playchess.com"]
[Source "ChessBase"]
[SourceQuality "1"]

{[%evp 10,91,12,6,26,30,23,12,1,0,0,0,28,38,115,-31,67,53,68,76,87,55,91,80,79,88,78,103,88,0,0,0,0,10,4,0,0,-28,-29,-80,0,-74,-98,-101,-23,-44,0,-31,0,0,37,24,27,0,168,173,143,146,527,556,556,562,558,545,544,542,562,547,478,308,278,313,444,346,336,294,681,637,518,436,629,401,1552,1550]} 1. d4 Nf6 2. c4 g6 3. Nc3 d5 4. Qb3 dxc4 5. Qxc4 Bg7 6. e4 O-O {D81: Grünfeld: 4 Qb3} 7. Be2 Nfd7 8. Be3 Nb6 {The position is equal.} 9. Qc5 f5 10. f3 $146 ({Predecessor:} 10. Nh3 N8d7 11. Qa3 Nf6 12. Qb3+ e6 13. exf5 gxf5 14. O-O a5 15. Rad1 a4 16. Qc2 Nfd5 17. Bg5 Qd6 18. Qc1 Bd7 19. Nf4 Bc6 20. Nh5 {½-½ (20) Yakovich,Y (2596)-Sakaev,K (2665) St Petersburg 2004}) 10... Nc6 {[%cal Rc6d4]} 11. O-O-O a5 (11... Rf7 $14) 12. Nh3 ({Better is} 12. h4 $16) 12... a4 (12... fxe4 $15 13. fxe4 Bxh3 14. gxh3 e5 15. dxe5 Qe8) 13. d5 $36 {[%mdl 2048] White has some pressure.} Ne5 14. f4 Ng4 {[#] Hoping for ...Nd7.} 15. e5 a3 16. Bd4 axb2+ 17. Kxb2 Na4+ 18. Nxa4 Rxa4 19. Bc4 (19. Ng5 $16) 19... b6 $11 20. d6+ e6 21. Qb5 ({But not} 21. dxc7 Qd7 $17) 21... Rxc4 $1 22. Qxc4 c5 $1 23. Bc3 Ne3 $1 {[%csl LRc4,LRd1,LRg2]} 24. Qb3 (24. Qa4 $11 Qd7 25. Qxd7 Nxd1+ 26. Rxd1 Bxd7 27. Rd3) 24... Qd7 (24... Nxd1+ $17 25. Rxd1 Bd7) 25. Rhe1 (25. Rc1 $11 {remains equal.}) 25... Nxd1+ $17 26. Rxd1 b5 ({Black should play} 26... Qc6 $17 27. Ng5 Re8) 27. a3 Bb7 28. g3 Bh6 29. Ba5 Kf7 30. Nf2 Rc8 31. Bc7 (31. Qe3 $5 {[%cal Rf2d3]} Bg7 32. Bc7 $11) 31... g5 $2 {[#]} (31... c4 $11 32. Qe3 Rg8) 32. g4 $1 $18 {[%cal Rg4f5] Black must now prevent gxf5.} c4 33. Qh3 c3+ $2 {[%mdl 8192]} (33... Bg7 $16 {is more resistant.}) 34. Qxc3 fxg4 35. Nxg4 Bg7 36. fxg5 Be4 37. Rd4 Bf5 38. Nf6 Bxf6 39. exf6 Rg8 40. h4 Ra8 (40... h6 $142 41. Qc1 hxg5 42. hxg5 Rh8) 41. Qf3 Ra4 42. Rb4 Kg6 $2 (42... Rxb4+ 43. axb4 e5 44. Qd5+ Be6) 43. h5+ Kf7 44. Qc3 Ra6 (44... Ra8 $142 45. Qc5 Ra4 46. Rxa4 bxa4) 45. Qc5 Bd3 (45... Ra4 $142 46. Rxa4 bxa4) 46. Bb6 {Accuracy: White = 51%, Black = 33%.} 1-0

[Event "Turkish Super League 2019"]
[Site "Konya"]
[Date "2019.07.25"]
[Round "10"]
[White "Kuzubov, Yuriy"]
[Black "Tomashevsky, Evgeny"]
[Result "1/2-1/2"]
[WhiteElo "2671"]
[BlackElo "2702"]
[Annotator "TA"]
[PlyCount "29"]
[EventDate "2019.07.17"]
[EventType "team-tourn"]
[EventCountry "TUR"]
[SourceTitle "playchess.com"]
[Source "ChessBase"]
[SourceQuality "1"]

{[%evp 28,29,0,0]} 1. d4 Nf6 2. c4 e6 3. g3 d5 4. Bg2 Be7 5. Nf3 O-O 6. O-O dxc4 7. Qc2 a6 8. Qxc4 b5 9. Qc2 Bb7 10. Bd2 Be4 11. Qc1 Bb7 $146 ({Predecessor:} 11... c6 12. Rd1 Nbd7 13. Nc3 Bg6 14. a3 Rc8 15. b4 Nd5 16. Be1 Qc7 17. e3 h6 18. Qb2 N5b6 19. Qe2 {½-½ (31) Yu,Y (2751)-Giri,A (2797) Shenzhen 2019}) 12. Qc2 Be4 13. Qc1 Bb7 14. Qc2 Be4 15. Qc1 1/2-1/2

[Event "Turkish Super League 2019"]
[Site "Konya"]
[Date "2019.07.25"]
[Round "10"]
[White "Demchenko, Anton"]
[Black "Benidze, Davit"]
[Result "1-0"]
[WhiteElo "2665"]
[BlackElo "2469"]
[Annotator "TA"]
[PlyCount "51"]
[EventDate "2019.07.17"]
[EventType "team-tourn"]
[EventCountry "TUR"]
[SourceTitle "playchess.com"]
[Source "ChessBase"]
[SourceQuality "1"]

{[%evp 9,51,40,79,75,87,87,80,73,85,85,79,86,77,75,94,83,103,81,87,83,110,97,106,102,111,105,171,160,173,153,200,188,222,216,337,325,333,335,401,374,388,381,374,373]} 1. e4 c6 2. d4 g6 3. Nc3 d5 4. Nf3 Bg7 5. Be2 Nh6 6. Bf4 {B15: Caro-Kann: 3 Nc3: 3...g6 and 3...dxe4 4 Nxe4 Nf6 5 Nxf6+ exf6} f6 7. exd5 cxd5 8. Nb5 {[#] Black must now prevent Nc7+.White is better.} Na6 9. c4 O-O 10. cxd5 Qxd5 11. O-O $146 ({Predecessor:} 11. Rc1 Be6 12. Nc3 Qa5 13. Qd2 Nf5 {1-0 (32) De Wit,M (2330)-Versteeg,H Netherlands 1996}) 11... g5 12. Rc1 {Threatens to win with Bc4.} Be6 ({Don't go for} 12... gxf4 $2 13. Bc4 $18) 13. Nc3 Qd8 14. Bg3 Nf5 15. d5 $36 {[%mdl 2048] Black is under strong pressure.} Bf7 16. Bd3 Nxg3 17. hxg3 Nc5 (17... Nc7 $16 {was necessary.}) 18. Bf5 $18 e6 19. dxe6 Nxe6 20. Qc2 h6 21. Rfd1 Qc7 {[#]} (21... Qe8 {might work better.} 22. Re1 Rd8) 22. Qe4 $1 {Strongly threatening Nd5.} Rae8 23. Nb5 $1 {[%csl LRa7,LRc7][%mdl 64] Discovered Attack} Qb8 {White should prevent ...Nf4.} 24. Nd6 {White is winning.} Nf4 25. Nxe8 Rxe8 26. Qxe8+ {Accuracy: White = 98%, Black = 61%.} ({Less strong is} 26. gxf4 Rxe4 27. Bxe4 Bf8 $16) 1-0

[Event "Turkish Super League 2019"]
[Site "Konya"]
[Date "2019.07.25"]
[Round "10"]
[White "Alekseenko, Kirill"]
[Black "Dastan, Muhammed Batuhan"]
[Result "1-0"]
[WhiteElo "2650"]
[BlackElo "2565"]
[Annotator "TA"]
[PlyCount "165"]
[EventDate "2019.07.17"]
[EventType "team-tourn"]
[EventCountry "TUR"]
[SourceTitle "playchess.com"]
[Source "ChessBase"]
[SourceQuality "1"]

{[%evp 12,165,19,9,11,4,20,0,4,0,20,15,19,31,27,13,47,0,0,0,0,0,0,0,0,0,0,0,0,0,4,-32,0,0,55,0,19,14,4,0,-4,0,-13,-18,0,-5,27,0,9,-22,0,-48,-45,-53,-25,-25,-31,-33,-32,-17,-20,-17,0,-95,-86,-203,-195,-200,0,0,-20,-54,-67,-154,0,0,25,25,28,28,25,31,26,26,29,27,31,39,36,39,33,16,43,35,90,89,241,122,177,189,183,189,195,167,168,160,234,219,166,156,289,292,573,581,612,615,620,600,585,585,584,584,541,412,401,380,395,395,468,450,462,460,1216,1281,1741,1547,1755,1752,1733,1639,1404,977,1209,1140,1532,1426,1598,1454,1800,1732,4914,4914,29982,29983,29982,29983]} 1. e4 c5 2. Nf3 d6 3. d4 cxd4 4. Nxd4 Nf6 5. Nc3 a6 6. h3 e5 7. Nb3 Be6 {B90: Sicilian Najdorf: Unusual White 6th moves, 6 Be3 Ng4 and 6 Be3 e5} 8. f4 g6 9. Be2 Nbd7 {The position is equal.} 10. O-O Rc8 11. Be3 Be7 12. Qe1 exf4 13. Bxf4 {[#]} Ne5 $146 ({Predecessor:} 13... O-O 14. Rd1 Ne8 15. Kh1 {0-1 (40) Gabuzyan,H (2570)-Areshchenko,A (2677) Minsk 2017}) 14. Qf2 (14. Rd1 $5 {[%cal Rf4e5]} Nfd7 15. Qd2 $14) 14... Nfd7 15. Rad1 O-O 16. Kh1 Re8 17. Nd4 Qb6 18. Bc1 Qd8 19. Qf4 Bf8 20. Qg3 Kh8 21. h4 Be7 22. h5 Bh4 ({Black should try} 22... gxh5 $11 23. Nxe6 (23. Bxh5 Nf6 $11) 23... fxe6) 23. Qf4 (23. Nxe6 $14 Rxe6 24. Qh3) 23... Qe7 24. hxg6 hxg6 25. Nxe6 fxe6 26. g3 Bf6 $1 27. Qh6+ Kg8 28. Kg2 $132 {[%mdl 2048] White is fighting back} Nf8 29. a4 Nf7 30. Qe3 Nd7 31. Qf3 Kg7 32. Bf4 Rc6 33. Rh1 Rec8 {[%cal Rf6c3]} 34. Bd2 Nde5 35. Qf2 Nc4 36. Bxc4 Rxc4 37. Rh3 (37. Rdf1 $11) 37... b5 $17 {[%cal Bb7b5,Bb5b4][%mdl 32]} 38. Rdh1 (38. axb5 $17 {only move.} axb5 39. Rdh1 (39. Rf1 b4 $17)) 38... b4 $19 39. Ne2 Rh8 $2 ({Better is} 39... Rxc2 $19 40. Nd4 R2c4) 40. Rxh8 $11 Nxh8 41. Nf4 Nf7 {aiming for ...Ng5.} 42. Kf1 ({White should play} 42. c3 $15) 42... Ng5 $2 (42... Bxb2 $17 {...Qf6 is the strong threat.} 43. Qe2 (43. Qh2 $2 Qf6 $19) 43... Rxc2) 43. Qh2 Kg8 44. Nxg6 Qh7 45. Bxg5 {[%csl Gh1][%cal Rh2h7]} Qxh2 46. Rxh2 Bxg5 {[%mdl 4096] Endgame KRB-KRN} 47. Re2 Kf7 48. Nh4 b3 49. cxb3 Rb4 $1 50. Nf3 Bh6 51. Rh2 Kg6 52. Nd2 Rd4 (52... Be3 $14) 53. Nc4 $16 Rxe4 $2 {[#]} (53... Rd3 $16) 54. Nxd6 ({White must play} 54. Re2 $1 $18 {[%cal Re2e4]} Rxe2 55. Kxe2) 54... Rd4 (54... Re3 $16) 55. Nc4 $18 Bg7 56. Ke2 Rd8 57. Rf2 Rb8 58. Rf3 e5 (58... Bd4 $16 {might work better.} 59. Kd2 Kg7) 59. Rd3 e4 60. Re3 Bh6 (60... Re8 $16 {was necessary.}) 61. Rxe4 Rxb3 $2 (61... Kf6 62. Rd4 Bf8) 62. Re6+ {[%mdl 64] [#] Double Attack} Kg5 63. Rxa6 Rxg3 64. Rb6 Bg7 65. a5 {Black must now prevent a6.} Bd4 66. Rb7 Kf4 67. Nd2 Kf5 68. Rb3 Rg8 69. Kd3 Rd8 {If Black can now play ...Bxb2+ this consolidates a bit.} 70. Kc4 {And now Rd3 would win.} Bf6 71. Rb5+ Ke6 (71... Kg4 $142 72. Nf1 Kf4) 72. Nb3 Ke7 73. Rb7+ Kd6 74. Nc5 Bh4 75. Rb6+ Ke5 76. Re6+ Kf5 77. Re2 Bf6 78. b4 Rd4+ 79. Kb5 Rd1 80. Rf2+ Ke5 81. a6 {[%cal Ba5a6,Ba6a7][%mdl 32]} Be7 82. Re2+ Kf6 83. a7 {Accuracy: White = 62%, Black = 48%.} 1-0

[Event "Turkish Super League 2019"]
[Site "Konya"]
[Date "2019.07.25"]
[Round "10"]
[White "Abasov, Nijat"]
[Black "Sanal, Vahap"]
[Result "1-0"]
[WhiteElo "2641"]
[BlackElo "2520"]
[Annotator "TA"]
[PlyCount "77"]
[EventDate "2019.07.17"]
[EventType "team-tourn"]
[EventCountry "TUR"]
[SourceTitle "playchess.com"]
[Source "ChessBase"]
[SourceQuality "1"]

{[%evp 13,77,8,3,-4,20,20,16,25,27,15,39,29,22,30,16,23,12,-8,41,0,26,32,43,41,50,29,36,46,49,15,117,119,179,155,154,129,120,114,197,123,309,312,322,312,303,284,5337,5143,29980,29981,29979,29980,29980,29981,29981,29981,29989,29990,29990,29991,29995,29992,29995,29995,29995,29996]} 1. e4 e5 2. Nf3 Nc6 3. d4 exd4 4. Nxd4 Bc5 5. Be3 Qf6 6. c3 Nge7 7. Bb5 O-O 8. O-O {C45: Scotch Game} Bb6 9. a4 {[%cal Ba2a4,Ba4a5][%mdl 32]} Nxd4 (9... d6 10. Qd2 Qg6 11. f3 Nxd4 12. cxd4 c6 13. Bd3 a5 14. Nc3 Bd7 15. Kh1 {1-0 (33) Van Foreest,J (2612)-Tari,A (2625) chess.com INT 2019}) 10. cxd4 {And now a5 would win.The position is equal.} c6 11. Be2 d5 12. e5 $146 ({Predecessor:} 12. f3 Qg6 13. a5 Bc7 14. e5 Bh3 15. Rf2 Nf5 {1-0 (31) Hoolt,S (2355)-Myronenko,N (1919) Batumi 2018}) 12... Qg6 13. Bh5 Qe6 14. a5 Bc7 15. f4 f6 {[%cal Rf6e5]} (15... Nf5 $5 {[%cal Rf5e3]} 16. Bf2 Qh6 $11) 16. Nc3 Nf5 17. Bf2 $36 {[%mdl 2048] White is more active.} Nh6 18. h3 fxe5 19. fxe5 Bd7 20. Qd3 Qe7 21. Qd2 Bf5 (21... Qb4 $11) 22. Be3 $16 Qh4 (22... Rab8 $16 23. Bg5 (23. Bxh6 gxh6 24. Qxh6 Bd3 $16) 23... Qe6) 23. Bf3 $1 $18 {Threatens to win with Bg5.} Qe7 24. Bxh6 gxh6 25. Qxh6 {Bxd5+! is the strong threat.} Qb4 (25... Qg7 $16 26. Qxg7+ Kxg7) 26. Ra4 (26. Rad1 $18 {Black must now prevent Bxd5+!} Bc2 27. Rd2) 26... Qxb2 $2 {[#]} (26... Qe7 $16 {keeps fighting.}) 27. Nxd5 $1 {[%mdl 512]} cxd5 28. Bxd5+ Kh8 {[#] next ...Qb5 is good for Black.} 29. Be4 $1 {[%mdl 576] Pin} Bxe5 $2 (29... Qb3 30. Rxf5 Rxf5 31. Bxf5 Qf7) (29... Bxe4 30. Rxf8+) 30. Rxf5 Bxd4+ 31. Kh1 {White mates.} Rxf5 32. Bxf5 {[%csl Gf5][%cal Rh6h7]} Kg8 33. Qxh7+ Kf8 34. Qh6+ Bg7 35. Qd6+ Kg8 36. Be6+ Kh7 37. Rh4+ Kg6 38. Rg4+ Kh7 39. Qd3+ {Accuracy: White = 77%, Black = 23%.} 1-0

[Event "Turkish Super League 2019"]
[Site "Konya"]
[Date "2019.07.25"]
[Round "10"]
[White "Sarana, Alexey"]
[Black "Selbes, Tarik"]
[Result "1-0"]
[WhiteElo "2640"]
[BlackElo "2342"]
[Annotator "TA"]
[PlyCount "71"]
[EventDate "2019.07.17"]
[EventType "team-tourn"]
[EventCountry "TUR"]
[SourceTitle "playchess.com"]
[Source "ChessBase"]
[SourceQuality "1"]

{[%evp 20,71,68,66,62,62,62,62,61,67,66,62,69,69,69,74,85,58,73,43,88,44,122,100,169,177,181,181,300,290,280,287,339,332,384,363,464,464,501,483,724,718,1188,684,1352,1354,1304,1294,2070,2070,2458,2189,2775,2211]} 1. d4 Nf6 2. Nc3 g6 3. e4 d6 4. f4 Bg7 5. Nf3 O-O 6. Bd3 Nc6 7. e5 dxe5 8. fxe5 Nd5 9. Nxd5 Qxd5 10. c3 Bg4 11. h3 Bxf3 {B09: Pirc Defence: Austrian Attack} 12. Qxf3 Qxf3 (12... Qd7 13. Bf4 f6 14. Bc4+ e6 15. exf6 Rxf6 16. Qe2 b5 17. Bb3 Na5 18. Bg5 Nxb3 19. Bxf6 Nxa1 20. Bxg7 Kxg7 {½-½ (62) Kravtsiv,M (2571)-Wang,Y (2709) Shenzhen 2011}) 13. gxf3 e6 {White is slightly better.} 14. Be4 Rab8 15. h4 h5 16. Bg5 Rfe8 17. b4 Ne7 18. Kf2 $146 ({Predecessor:} 18. O-O-O c6 19. Kb2 {0-1 (44) Sheredina,A-Parfenov,V Moscow 1995}) 18... Kh7 19. b5 c5 20. bxc6 bxc6 (20... Nxc6 $14 21. f4 Bh6) 21. Rab1 $16 {[#] Hoping for Rxb8.} Nd5 (21... Bf8 $16) 22. c4 $18 Nc3 23. Bxc6 Rec8 (23... Rxb1 $142 24. Rxb1 Rc8) 24. Rxb8 Rxb8 25. c5 Rb2+ 26. Ke3 Nxa2 27. Ra1 Rb3+ 28. Kd2 {White is clearly winning.} Rb2+ 29. Kd3 a5 (29... Kg8 $142 30. Ba4 Bf8) 30. Be4 a4 31. c6 Rb3+ 32. Kd2 Rb2+ 33. Ke1 Nc3 34. c7 Nxe4 35. fxe4 Rc2 36. Rc1 {Accuracy: White = 79%, Black = 29%.} 1-0

[Event "Turkish Super League 2019"]
[Site "Konya"]
[Date "2019.07.25"]
[Round "10"]
[White "Kravtsiv, Martyn"]
[Black "Saric, Ivan"]
[Result "1/2-1/2"]
[WhiteElo "2628"]
[BlackElo "2681"]
[Annotator "TA"]
[PlyCount "82"]
[EventDate "2019.07.17"]
[EventType "team-tourn"]
[EventCountry "TUR"]
[SourceTitle "playchess.com"]
[Source "ChessBase"]
[SourceQuality "1"]

{[%evp 9,82,0,0,0,0,0,0,-10,-11,0,40,0,2,-6,13,16,14,14,20,7,5,0,0,0,0,-9,-8,-7,0,0,0,-26,-26,-19,-13,-13,-13,-33,-33,-39,-41,-35,-33,-33,-33,-33,-33,-60,0,-33,-33,-33,-33,-33,-33,-47,-33,-33,-33,-33,-33,-33,-33,-33,-33,-33,-33,-56,-33,-22,0,0,0,0,-8]} 1. d4 Nf6 2. Bf4 c5 3. e3 g6 (3... Qb6 4. Nc3 a6 5. Bc4 cxd4 6. exd4 e6 7. Nge2 d5 8. Bb3 Bd7 9. O-O Be7 10. Qe1 O-O 11. Rd1 Nc6 {1-0 (23) Aronian,L (2767)-Giri,A (2782) chess.com INT 2018}) 4. c3 b6 5. Na3 $146 ({Predecessor:} 5. Nf3 Bg7 6. Be2 Bb7 7. O-O O-O 8. a4 d6 9. a5 cxd4 10. exd4 bxa5 11. Na3 Nd5 12. Bg3 Nb6 13. Nc4 Nxc4 14. Bxc4 Nd7 15. Re1 Rb8 16. Nd2 e5 17. Ba2 {½-½ (40) Annaberdiev,M (2501)-Dreev,A (2657) Konya 2018}) 5... Bb7 6. Nf3 {A45: Trompowsky Attack} Bg7 7. Nb5 {[#] aiming for Nc7+.} Nd5 8. Be5 Bxe5 9. dxe5 Nc7 10. Na3 Nc6 11. h4 d5 12. exd6 Qxd6 13. Qxd6 exd6 14. O-O-O Ke7 15. Nb5 Ne8 16. c4 Rd8 17. Nc3 Nf6 18. Be2 Ne5 19. Nxe5 dxe5 20. Rxd8 (20. Bf3 {looks sharper.} Bxf3 21. gxf3 Rxd1+ 22. Rxd1 Rd8 23. Rxd8 Kxd8 24. Nb5) 20... Rxd8 21. Rg1 Ne4 22. Nxe4 Bxe4 $11 {[%mdl 4096] Endgame KRB-KRB} 23. g3 Bd3 24. Bxd3 Rxd3 $15 {KR-KR} 25. g4 h6 26. Rg3 e4 27. Kc2 Ke6 28. a4 Ke7 (28... f5 $15) 29. Rg1 a5 30. Rg3 Rd6 31. g5 h5 32. Rg1 f6 33. gxf6+ Kf7 34. Rg2 Rxf6 35. Kd2 Rd6+ 36. Kc2 Kg7 37. Kc1 Kh6 38. Kc2 Rf6 39. Kd2 Rf5 {The position is equal.} 40. Ke2 g5 41. Rh2 Rf6 {Accuracy: White = 65%, Black = 72%.} 1/2-1/2

[Event "Turkish Super League 2019"]
[Site "Konya"]
[Date "2019.07.25"]
[Round "10"]
[White "Esipenko, Andrey"]
[Black "Kamer, Kayra"]
[Result "1-0"]
[WhiteElo "2621"]
[BlackElo "2340"]
[Annotator "TA"]
[PlyCount "77"]
[EventDate "2019.07.17"]
[EventType "team-tourn"]
[EventCountry "TUR"]
[SourceTitle "playchess.com"]
[Source "ChessBase"]
[SourceQuality "1"]

{[%evp 14,76,58,35,41,31,37,28,55,50,69,45,71,73,64,25,18,19,37,-31,53,-70,-85,-63,-22,-38,-37,-188,-181,-194,-185,-208,-200,-220,-222,-233,-234,-244,-238,-255,-229,-238,-202,-207,-210,-189,-45,-138,45,41,54,52,158,0,0,0,0,0,0,0,204,0,786,786,29997]} 1. e4 c5 2. Nf3 e6 3. d4 cxd4 4. Nxd4 a6 5. Bd3 Bc5 6. Nb3 Be7 7. Qg4 g6 8. Qe2 d6 {B42: Sicilian: Kan Variation: 5 Bd3} 9. O-O Nd7 (9... Nc6 10. Nc3 b5 11. a4 b4 12. Na2 Bb7 13. a5 Nf6 14. Bh6 Qc7 15. Rfc1 Rg8 16. c3 bxc3 17. Nxc3 {0-1 (36) Erenburg,S (2589)-Caruana,F (2828) chess.com INT 2019}) 10. a4 b6 {White has an edge.} 11. Na3 Bb7 12. Nc4 Ngf6 13. Bh6 $1 Qc7 14. Rae1 d5 $146 ({Predecessor:} 14... Rg8 15. f4 {½-½ (42) De Boer,E (2317)-Antonio,V (2404) Dieren 2018}) 15. exd5 Nxd5 16. Qf3 (16. f4 $14) 16... g5 (16... Rg8 $15) 17. Nbd2 (17. Nd4 $1 $14) 17... Rg8 $1 $15 18. Ne4 b5 19. axb5 axb5 20. Ne3 $2 (20. Na3 $1 $15) 20... Nf4 $1 $19 21. h4 {[%cal Rh4g5]} (21. Bxb5 $2 O-O-O) 21... Ne5 (21... f5 22. Bxg5 Rxg5 23. hxg5 $17) 22. Qg3 O-O-O (22... Nfxd3 23. cxd3 O-O-O 24. Bxg5 $15) 23. Bxg5 Bxg5 (23... Nfxd3 24. cxd3 h6 25. Ng4 $15 (25. Rc1 Bc6 $15)) 24. hxg5 Nexd3 25. cxd3 Nxd3 26. Qh4 Nxe1 27. Rxe1 Rd4 28. Qxh7 Rdd8 {And now ...Rh8 would win.} 29. Nf1 Qe5 (29... Kb8 $19 {aiming for ...Qf4.} 30. Qh5 Qe5) 30. Nfg3 (30. Rc1+ $1 $15 Kb8 31. Nc5) 30... Rh8 $2 (30... Rgf8 $17 31. g6 fxg6) 31. Qxf7 $14 Bxe4 32. Nxe4 {Threatens to win with Qa7.} Rh4 ({Black should play} 32... Rd7 $1 $14 33. Qf6 Rdh7) 33. Rc1+ $2 (33. Qa7 $2 Qh2+ 34. Kf1 Qh1+ 35. Ke2 Rxe4+ $19) (33. f3 $1 $16) 33... Kb8 $11 34. Ng3 Rf4 35. Qe7 $40 {[%mdl 128] Black needs to defend precisely.} Rfd4 36. Nf1 Rh8 $2 {[#]} (36... Rd1 $11 {and Black has nothing to worry.}) 37. Rc5 $2 (37. Rc6 $1 $18 {[%cal Rc6b6]} Rc4 38. Rb6+ (38. Qxe6 Qxe6 39. Rxe6 Rg8 $14) (38. Rxe6 Qc5 $16) 38... Kc8 39. Qb7+ (39. Rxe6 Qc5 $18) 39... Kd8 40. Rxb5) 37... Rd5 $2 {[%mdl 8192] [#]} (37... Rdh4 $11 38. Qd8+ (38. Rxe5 $2 {gets mated.} Rh1#) 38... Rxd8 39. Rxe5 Rd5 40. Rxd5 exd5) 38. Rc6 $1 $18 Qd4 {Accuracy: White = 37%, Black = 41%.} 39. Qc7+ 1-0

[Event "Turkish Super League 2019"]
[Site "Konya"]
[Date "2019.07.25"]
[Round "10"]
[White "Yilmaz, Mustafa"]
[Black "Mchedlishvili, Mikheil"]
[Result "1/2-1/2"]
[WhiteElo "2618"]
[BlackElo "2571"]
[Annotator "TA"]
[PlyCount "28"]
[EventDate "2019.07.17"]
[EventType "team-tourn"]
[EventCountry "TUR"]
[SourceTitle "playchess.com"]
[Source "ChessBase"]
[SourceQuality "1"]

{[%evp 27,28,0,0]} 1. d4 Nf6 2. c4 e6 3. g3 d5 4. Bg2 Be7 5. Nf3 O-O 6. O-O dxc4 7. Qa4 a6 8. Qxc4 b5 9. Qc2 Bb7 10. Bd2 Be4 11. Qc1 Bb7 $146 ({Predecessor:} 11... c6 12. Rd1 Nbd7 13. Nc3 Bg6 14. a3 Rc8 15. b4 Nd5 16. Be1 Qc7 17. e3 h6 18. Qb2 N5b6 19. Qe2 {½-½ (31) Yu,Y (2751)-Giri,A (2797) Shenzhen 2019}) 12. Qc2 Be4 13. Qc1 Bb7 14. Qc2 Be4 1/2-1/2

[Event "Turkish Super League 2019"]
[Site "Konya"]
[Date "2019.07.25"]
[Round "10"]
[White "Rakhmanov, Aleksandr"]
[Black "Esen, Baris"]
[Result "1-0"]
[WhiteElo "2615"]
[BlackElo "2478"]
[Annotator "TA"]
[PlyCount "81"]
[EventDate "2019.07.17"]
[EventType "team-tourn"]
[EventCountry "TUR"]
[SourceTitle "playchess.com"]
[Source "ChessBase"]
[SourceQuality "1"]

{[%evp 13,81,0,18,14,20,14,22,0,9,0,0,0,-11,-20,-10,-34,-32,-63,-52,-61,-52,-57,-29,-43,-35,-37,-21,-39,-17,-16,0,0,0,-7,0,0,11,8,3,-7,26,0,19,23,18,16,43,51,93,98,99,82,103,97,161,147,681,677,660,645,615,543,958,857,840,841,1339,1034,1485,1420]} 1. c4 g6 2. Nc3 Bg7 3. g3 e5 4. Bg2 d6 5. d3 Nc6 6. e3 Be6 7. Nge2 Nge7 8. Nd5 {A25: English Opening vs King's Indian with ...Nc6 but without early d3} Qd7 9. Bd2 O-O 10. h3 {The position is equal.} Nd8 (10... Rab8 11. Bc3 b5 12. b3 Nc8 13. Qd2 Nd8 14. e4 c6 15. Ne3 Ne7 16. d4 {1-0 (25) Rakhmanov,A (2641)-Movsziszian,K (2479) Barcelona 2015}) 11. Nxe7+ Qxe7 12. Nc3 $146 ({Predecessor:} 12. O-O Qd7 13. Kh2 f5 14. f4 c6 15. Bc3 Nf7 16. b3 {1-0 (45) Srba,M (2186)-Prachar,J (2009) Litomysl 2003}) 12... c6 13. Qe2 Bd7 14. O-O Ne6 15. Kh2 f5 16. f4 Rae8 17. Rae1 a6 18. b4 b5 19. a4 bxc4 20. dxc4 e4 (20... a5 $5 21. bxa5 Nc5 $15) 21. a5 Nc7 22. Na4 d5 23. Nc5 d4 24. exd4 Bxd4 25. Be3 Bxe3 26. Qxe3 Ne6 27. Nxa6 Bc8 (27... Ra8 $5 {[%cal Ra8a6]} 28. Qb6 Bc8 $11) 28. Nc5 $36 {[%mdl 2048] White fights for an advantage.} Nxc5 29. bxc5 Ba6 30. Rc1 Rb8 31. Rfd1 $1 Rfd8 {[#]} 32. Bf1 $1 Rb2+ 33. Kh1 Ra2 {[#]} (33... Re8 $16) 34. Rd6 $1 $18 Rxa5 $2 {[%mdl 8192]} (34... Re8 $16) 35. Qd2 $1 {White is clearly winning.} Rxd6 36. cxd6 Qd8 37. d7 Ra3 38. Qd6 {[%mdl 64] Double Attack} Rb3 39. c5 Bxf1 40. Qe6+ {[%mdl 64] Double Attack} Kf8 41. Qxb3 {Accuracy: White = 66%, Black = 36%.} 1-0